| 000 | 00662nam a2200229Ia 4500 | ||
|---|---|---|---|
| 003 | GCL | ||
| 008 | 140319s9999 xx 000 0 ara d | ||
| 040 |
_aGCL / _cGCL |
||
| 082 | 0 | 4 |
_a157.7 _bى ا |
| 100 | 1 | _aيسرى عبدالمحسن | |
| 245 | 1 | 0 |
_aاعرف نفسك / _cيسرى عبدالمحسن |
| 300 | _a157 ص | ||
| 490 |
_aكتاب اليوم الطبى _v0 |
||
| 650 | 0 | 4 | _aعلم النفس |
| 650 | 0 | 4 | _aعلم النفس المرضى |
| 650 | 0 | 4 | _aالانفعالات النفسية |
| 650 | 0 | 4 | _aالخوف |
| 650 | 0 | 4 | _aالقلق |
| 650 | 0 | 4 | _aالحب العذرى |
| 650 | 0 | 4 | _aالمرأة - علم النفس |
| 942 |
_2ddc _cBK |
||
| 999 |
_c50664 _d50664 |
||